Jellybug Animal Alphabet - Statistics

General Stats
  • This quiz has been taken 51 times
    13 since last reset
  • The average score is 19 of 26
Answer Stats
Picture Hint Answer % Correct
S Sea Lion
100%
H Hippo
86%
A Alligator
71%
B Badger
71%
C Camel
71%
D Donkey
71%
E Elephant
71%
F Flamingo
71%
G Giraffe
71%
I Iguana
71%
J Jaguar
71%
K Kangaroo
71%
L Lion
71%
M Monkey
71%
N Narwhal
71%
O Octopus
71%
P Panda
71%
Q Quail
71%
R Rhino
71%
T Tiger
71%
U Unicorn
71%
V Vulture
71%
W Wolf
71%
Y Yak
71%
Z Zebra
71%
X X-ray Fish
57%
No matching quizzes found
Score Distribution
Percent of People with Each Score
Percentile by Number Answered
Your Score History
You have not taken this quiz since the last reset